Music Quiz

Random Music or Album Quiz

Scaruffi Best Jazz Albums Quiz Stats

 Plays Quiz not verified by Sporcle

Challenge
Share
Tweet
Embed
Score 0/100 Timer 15:00
0 Plays Today
Album Title Answer % Correct
The Black Saint and the Sinner LadyCharles Mingus
100%
A Love SupremeJohn Coltrane
100%
Kind Of BlueMiles Davis
100%
AscensionJohn Coltrane
100%
Bitches BrewMiles Davis
100%
Pithecanthropus ErectusCharles Mingus
100%
My Favorite ThingsJohn Coltrane
100%
Mingus Ah UmCharles Mingus
100%
Giant StepsJohn Coltrane
100%
PresentsCharles Mingus
100%
Oh YeahCharles Mingus
100%
Tijuana MoodsCharles Mingus
100%
Birth of the CoolMiles Davis
100%
The Shape of Jazz To ComeOrnette Coleman
93.9%
Free JazzOrnette Coleman
93.9%
Brilliant CornersThelonious Monk
87.9%
Out to LunchEric Dolphy
81.8%
Saxophone ColossusSonny Rollins
81.8%
The Far East SuiteDuke Ellington
81.8%
Freedom SuiteSonny Rollins
81.8%
Speak No EvilWayne Shorter
78.8%
Spiritual UnityAlbert Ayler
75.8%
VibrationsAlbert Ayler
75.8%
Witches and DevilsAlbert Ayler
75.8%
KarmaPharoah Sanders
72.7%
Unit StructuresCecil Taylor
69.7%
Lady of the MirrorsAnthony Davis
69.7%
NefertitiCecil Taylor
69.7%
ConquistadorCecil Taylor
69.7%
GoDexter Gordon
63.6%
AtlantisSun Ra
60.6%
The Magic CitySun Ra
60.6%
The Inner Mounting FlameMahavishnu Orchestra
57.6%
MuDon Cherry
51.5%
Album Title Answer % Correct
I Sing the Body ElectricWeather Report
51.5%
Symphony For ImprovisersDon Cherry
51.5%
Point of DepartureAndrew Hill
48.5%
Body & SoulColeman Hawkins
48.5%
Escalator Over The HillCarla Bley
45.5%
Saxophone ImprovisationsAnthony Braxton
45.5%
Alto Saxophone ImprovisationsAnthony Braxton
45.5%
Conference of the BirdsDavid Holland
45.5%
For AltoAnthony Braxton
45.5%
As Falls Wichita So Falls WichitaPat Metheny
45.5%
Les Stances A SophieArt Ensemble of Chicago
42.4%
Liberation Music OrchestraCharlie Haden
42.4%
Open, To LovePaul Bley
42.4%
Dream KeeperCharlie Haden
42.4%
Dual UnityPaul Bley
42.4%
Freedom Now SuiteMax Roach
42.4%
Ezz-theticsGeorge Russell
39.4%
Electronic Sonata For Souls Loved By NatureGeorge Russell
39.4%
SaharaMcCoy Tyner
39.4%
Inner SpaceChick Corea
30.3%
My Goals BeyondJohn McLaughlin
24.2%
Mama Too TightArchie Shepp
24.2%
Ask the AgesSonny Sharrock
24.2%
FontessaModern Jazz Quartet
21.2%
StreamsSam Rivers
21.2%
Mass on the WorldLeo Smith
21.2%
CrystalsSam Rivers
21.2%
ConspiracyJeanne Lee
15.2%
Latin AmericaGato Barbieri
12.1%
SoundRoscoe Mitchell
12.1%
DialogueBobby Hutcherson
12.1%
Dogon ADJulius Hemphill
12.1%
Blues To AfricaRandy Weston
12.1%
Fractured Fairy Tales Tim Berne
9.1%
Album Title Answer % Correct
TopologyJoe McPhee
9.1%
When Was ThatHenry Threadgill
9.1%
Solo Trombone RecordsGeorge Lewis
9.1%
Levels and Degrees of LightMuhal Richard Abrams
9.1%
Black TalkCharles Earland
9.1%
Circular TempleMatthew Shipp
9.1%
SangomaDollar Brand
9.1%
EvanescenceMaria Schneider
9.1%
Pastoral ComposureMatthew Shipp
9.1%
Tuskegee ExperimentsDon Byron
9.1%
Just the FactsHenry Threadgill
9.1%
CrosscurrentsLennie Tristano
6.1%
Barbet Wire MaggotBorbetomagus
6.1%
Best Laid PlansDavid Torn
6.1%
Dust To DustButch Morris
6.1%
TestamentButch Morris
6.1%
Solo ConcertLeroy Jenkins
6.1%
Mystery SchoolJames Newton
6.1%
Desert LadyToshiko Akiyoshi
6.1%
Even the Sounds ShineMyra Melford
6.1%
LuellaJames Newton
6.1%
Wide Open SpacesMichael Formanek
6.1%
KaryobinSpontaneous Music Ensemble
6.1%
RegenerationSteve Lacy
6.1%
Claude's Late MorningBobby Previte
6.1%
Distant HillsOregon
6.1%
ScrapsSteve Lacy
6.1%
Cinema RovateRova Saxophone Quartet
6.1%
Traveller's TaleMarty Ehrlich
6.1%
Conception VesselPaul Motian
6.1%
Gentle Harm of the BourgeoisiePaul Rutherford
6.1%
EllipsisGuillermo Gregorio
3%

You're not logged in!

Compare scores with friends on all Sporcle quizzes.
Join for Free
OR
Log In

You Might Also Like...

Show Comments

Extras

Created May 18, 2017SourceReportNominate
Tags:Album Quiz, jazz

Top Quizzes Today


Score Distribution

Your Account Isn't Verified!

In order to create a playlist on Sporcle, you need to verify the email address you used during registration. Go to your Sporcle Settings to finish the process.

Report this User

Report this user for behavior that violates our Community Guidelines.

Details: